000
00271nam a22001217a 4500
008
170204b xxu||||| |||| 00| 0 srb d
041
_a
srb
080
_a
61
100
_a
3
101
_a
SHM
245
_a
LECENJE ESENCIJALNE HIPERTENZIJE
_c
KOCIJANCIC, M
942
_2
udc
_c
BK
999
_c
4608
_d
4608